00684nam a2200193 a 4500008004100000020002200041100002300063245018400086260004700270300002400317500002000341650003900361700002200400700002500422730001600447003000100463005001700464040000900481  a0443079781 (pbk.)1 aSdrales, Lorraine.10aAnesthesia review :ba study guide to Anesthesia, 5th edition and Basics of Anesthesia, 4th edition /cLorraine Sdrales, Ronald D. Miller ; consulting editor, Robert K. Stoelting. aNew York :bChurchill Livingstone,cc2001. ax, 572 p. ;c28 cm. aIncludes index.12aAnesthesiavExamination Questions.1 aMiller, Ronald D.1 aStoelting, Robert K.0 aAnesthesia.20230120203944.0 cNUST